000 00738nam a2200217 i 4500
001 8954
003 ES-MaACL
005 20230906145554.0
007 t|
008 921117s1991 sp |||| | spa d
020 _a84-260-2364-9
080 _a620.9(46):330.532(46)
080 _a330.532(46):620.9(46)
245 0 0 _aTabla input-output de la energía de España. 1985 /
_cInstituto Nacional de Estadística.
260 _aMadrid :
_bI.N.E.,
_c1991.
300 _a124 p. ;
_c30 cm +
_e1 disquete.
650 1 4 _aIndustria energética-
_zEspaña-
_vEstadísticas.
_9168134
650 4 _aConsumo de energía-
_zEspaña-
_vEstadísticas.
_9168135
710 2 _aInstituto Nacional de Estadística (España)
_95162
852 _aES-MaACL
_jL-16402
999 _c8954
_d8954